Personenstandssachen in kleineren Kommunalarchiven
| Titel: | Personenstandssachen in kleineren Kommunalarchiven : ein Erfahrungsbericht aus der Archivgemeinschaft Molfsee |
|---|---|
| Verfasser: | |
| In: |
Verband Schleswig-Holsteinischer Kommunalarchivarinnen und -Archivare: Mitteilungen, (2010), Seite 83-85 alle Artikel anzeigen |
| Veröffentlicht: | 2010 |
| Format: | Aufsatz |
X
alg: 44199548 001A $03036:30-01-19 001B $01999:30-01-19 $t22:58:23.000 001D $03036:30-01-19 001U $0utf8 001X $00 002@ $0Aox 003@ $0441995489 007A $0441995489 $aHEB 007T $0ArchMa16948 011@ $a2010 021A $aPersonenstandssachen in kleineren Kommunalarchiven $dein Erfahrungsbericht aus der Archivgemeinschaft Molfsee 028A $aHinrichsen $dUte 031A $h83-85 $j2010 039B $aIn $8--Abvc--Verband Schleswig-Holsteinischer Kommunalarchivarinnen und -Archivare [Tb1]. Mitteilungen. - Kiel : VKA, 2000-2011 $x201000000000000917 $9094034893 lok: 44199548 105 exp: 44199548 105 1 #EPN 201B/01 $030-01-19 $t14:59:40.000 201C/01 $030-01-19 201U/01 $0utf8 203@/01 $0104237130X 208@/01 $a13-12-18 $be 209A/01 $a/ $f106 $x00 245Z/01 $a2.16.10. $bArchivwissenschaft und Archivtheorie / Archivaliengattungen / Personenstandsunterlagen $x01 245Z/01 $a3.17.02. $bArchivwesen des Bundes- und der deutschen Bundesländer / Schleswig-Holstein / Archive und Archivbestände $x02 247C/01 $8->Marburg, Bibliographie zum Archivwesen der Archivschule Marburg $939588196X
| LEADER | 00000caa a22000002c 4500 | ||
|---|---|---|---|
| 001 | 441995489 | ||
| 003 | DE-603 | ||
| 005 | 20190130225823.0 | ||
| 007 | tu | ||
| 008 | 190130s2010 xx |||| | u00||u|und c | ||
| 035 | |a (DE-599)HEB441995489 | ||
| 040 | |a DE-603 |b ger |c DE-603 |d DE-603 | ||
| 100 | 1 | |a Hinrichsen, Ute | |
| 245 | 0 | 0 | |a Personenstandssachen in kleineren Kommunalarchiven |b ein Erfahrungsbericht aus der Archivgemeinschaft Molfsee |
| 264 | 0 | |c 2010 | |
| 773 | 0 | 8 | |i In |a Verband Schleswig-Holsteinischer Kommunalarchivarinnen und -Archivare |t Mitteilungen |d Kiel : VKA, 2000-2011 |g (2010), Seite 83-85 |w (DE-603)094034893 |w (DE-600)2026933-X |
| 924 | 0 | |9 - |a (DE-603)104237130X |b DE- |c HES |d d |g / | |